Estatuto de los deportistas profesionales y trabajadores que desempeñan actividades conexas

Uloženo v:
Podrobná bibliografie
Hlavní autor: Gaete Berríos, Alfredo (autor)
Médium: Kniha
Jazyk:španělština
Vydáno: Santiago Jurídica de Chile 1971
Edice:Cartillas de la Editorial Jurídica de Chile, 15
Témata:
Tagy: Přidat tag
Žádné tagy, Buďte první, kdo vytvoří štítek k tomuto záznamu!

MARC

LEADER 00000nam a2200000 a 4500
001 UCV1749
003 CL-VaPUC
008 901129e19710000CL |||||||||||||||||spa|d
082 0 4 |a 344.01  |b GAE  |2 21 
100 |a Gaete Berríos, Alfredo  |e autor  |9 480656 
245 1 0 |a Estatuto de los deportistas profesionales y trabajadores que desempeñan actividades conexas 
300 |a 49 p 
942 |c BK 
945 |d 19901129 00:00:00 
260 |a Santiago  |b Jurídica de Chile  |c 1971 
650 0 |a Deportes  |9 224367 
650 0 |a Derecho y legislación   |9 255077 
651 7 |a CHILE  |2 CL-VaPUC  |9 295984 
583 |a last modification  |c 19901129 00:00:00  |k Rodrigo Vera 
490 0 |a Cartillas de la Editorial Jurídica de Chile, 15 
999 |c 209589  |d 209587 
952 |0 0  |1 0  |2 ddc  |4 0  |6 344_010000000000000_GAE_1971  |7 0  |8 A  |9 185082  |a BIBDER  |b BIBDER  |d 2019-11-14  |i 2524864  |o 344.01 GAE 1971  |p 2524864  |r 2023-01-25  |w 2019-11-14  |y MX  |k DER